[Event "RSA-chT U20"]
[Site "Cape Town"]
[Date "2016.01.06"]
[Round "6.2"]
[White "Engelbrecht, Wimpie"]
[Black "Bekker, Wouter"]
[Result "0-1"]
[WhiteElo "1299"]
[BlackElo "1256"]
[PlyCount "72"]
[EventDate "2016.01.04"]
[EventType "team-tourn"]
[EventRounds "7"]
[EventCountry "RSA"]
[SourceTitle "CBM 170 Extra"]
[Source "ChessBase"]
[SourceDate "2016.02.25"]
[SourceVersion "1"]
[SourceVersionDate "2016.02.25"]
[SourceQuality "1"]
[WhiteTeam "Free State"]
[BlackTeam "Bojanala Platina"]
[WhiteTeamCountry "RSA"]
[BlackTeamCountry "RSA"]

1. e4 c5 2. Nc3 d6 3. Nf3 Nf6 4. d4 cxd4 5. Qxd4 e6 6. e5 dxe5 7. Qxd8+ Kxd8 8. Nxe5 Ke8 9. Bg5 Nfd7 10. Nxd7 Bxd7 11. Bb5 Bb4 12. Bxd7+ Nxd7 13. 0-0-0 Bxc3 14. bxc3 f6 15. Be3 b6 16. f4 Ke7 17. g4 h6 18. h4 e5 19. f5 Rac8 20. Kb2 Nc5 21. Bxc5+ Rxc5 22. Rhg1 Rc4 23. Kb3 Rf4 24. Rdf1 Rxf1 25. Rxf1 Rc8 26. Rd1 Rc6 27. a4 Rd6 28. Rd3 Kd7 29. h5 a6 30. c4 a5 31. Kc3 Kc6 32. Kb3 Kd7 33. Kc3 Kc7 34. Kb3 Kc6 35. Kc3 Kc5 36. Kb3 Rd4 0-1

[Event "RSA-chT U20"]
[Site "Cape Town"]
[Date "2016.01.05"]
[Round "4.2"]
[White "Darling, Simeon C"]
[Black "Engelbrecht, Wimpie"]
[Result "1-0"]
[WhiteElo "1929"]
[BlackElo "1299"]
[PlyCount "80"]
[EventDate "2016.01.04"]
[EventType "team-tourn"]
[EventRounds "7"]
[EventCountry "RSA"]
[SourceTitle "CBM 170 Extra"]
[Source "ChessBase"]
[SourceDate "2016.02.25"]
[SourceVersion "1"]
[SourceVersionDate "2016.02.25"]
[SourceQuality "1"]
[WhiteTeam "Western Province"]
[BlackTeam "Free State"]
[WhiteTeamCountry "RSA"]
[BlackTeamCountry "RSA"]

1. e4 d6 2. Nf3 Nf6 3. Nc3 g6 4. d4 Bg7 5. Be2 b6 6. 0-0 Bb7 7. d5 0-0 8. a4 a5 9. Nd4 c6 10. Nb3 cxd5 11. exd5 Qc7 12. Be3 Ba6 13. Nb5 Qb7 14. c4 Ne4 15. N3d4 Bxb5 16. axb5 Nc5 17. Rb1 a4 18. Re1 a3 19. b4 Ne4 20. Qc2 Nf6 21. Rb3 Ra4 22. Ra1 Qa7 23. Qa2 Ne4 24. f3 Bxd4 25. Bxd4 Nf6 26. Rxa3 Rxa3 27. Qxa3 Qxa3 28. Rxa3 Nfd7 29. Ra7 f5 30. Rb7 Re8 31. Kf2 h5 32. h4 Kf8 33. Bd3 Rc8 34. Ke3 Kf7 35. Bxb6 Nxb6 36. Rxb6 Nd7 37. Rc6 Rb8 38. Ra6 Ke8 39. Kd4 Kd8 40. c5 Ke8 1-0

[Event "RSA-chT U20"]
[Site "Cape Town"]
[Date "2016.01.04"]
[Round "1.2"]
[White "Engelbrecht, Wimpie"]
[Black "Pretorius, Wiaan"]
[Result "0-1"]
[WhiteElo "1299"]
[BlackElo "1668"]
[PlyCount "37"]
[EventDate "2016.01.04"]
[EventType "team-tourn"]
[EventRounds "7"]
[EventCountry "RSA"]
[SourceTitle "CBM 170 Extra"]
[Source "ChessBase"]
[SourceDate "2016.02.25"]
[SourceVersion "1"]
[SourceVersionDate "2016.02.25"]
[SourceQuality "1"]
[WhiteTeam "Free State"]
[BlackTeam "Tshwane"]
[WhiteTeamCountry "RSA"]
[BlackTeamCountry "RSA"]

1. e4 e6 2. Nf3 c5 3. Nc3 Nc6 4. d4 cxd4 5. Nxd4 Bc5 6. Nxc6 bxc6 7. a3 Ne7 8. b4 Bb6 9. Qg4 Ng6 10. Bd3 Qf6 11. 0-0 Qxc3 12. Be3 Qf6 13. Bg5 Qe5 14. Kh1 h5 15. Qg3 Qxg3 16. fxg3 f6 17. Bd2 Ne5 18. Rfe1 Nxd3 19. cxd3 0-1